[Event "AUTO-INT-1320"]
[Site "http://www.queenalice.com/game.php?id=593100"]
[Date "2009.5.24"]
[Round "1"]
[White "ingridcardoso"]
[Black "MusicMan"]
[Result "1-0"]
[WhiteElo "1624"]
[BlackElo "1632"]

1. e4 d5 2. Nc3 dxe4 3. Nxe4 Qd5 4. Nc3 Bf5 5. Nf3 Qa5 6. Be2 c6 7. O-O e6 8. d4
Be7 9. Ne5 Nf6 10. Bg5 O-O 11. Bxf6 Bxf6 12. a3 Rd8 13. b4 Qb6 14. Bg4 Bxe5 15.
d5 Bxc3 16. d6 Bxa1 17. Bxf5 Be5 18. Be4 Rxd6 19. Qh5 Bxh2+ 20. Qxh2 h6 21. Qxd6
Qb5 22. Qd8# 1-0

[Event "AUTO-INT-1320"]
[Site "http://www.queenalice.com/game.php?id=593101"]
[Date "2009.5.24"]
[Round "1"]
[White "MusicMan"]
[Black "ingridcardoso"]
[Result "1-0"]
[WhiteElo "1649"]
[BlackElo "1625"]

1. Nf3 Nc6 2. c4 e5 3. d3 Nf6 4. e3 Bb4+ 5. Bd2 O-O 6. g3 d5 7. a3 Bxd2+ 8.
Nfxd2 d4 9. e4 a6 10. Bg2 b5 11. O-O bxc4 12. Nxc4 g6 13. Nbd2 Be6 14. b4 1-0

[Event "AUTO-INT-1320"]
[Site "http://www.queenalice.com/game.php?id=593102"]
[Date "2009.5.24"]
[Round "1"]
[White "ingridcardoso"]
[Black "Elegua"]
[Result "1-0"]
[WhiteElo "1606"]
[BlackElo "1614"]

1. e4 e5 2. Nf3 Nf6 3. Nc3 Nc6 4. Bb5 Bb4 5. O-O Bxc3 6. dxc3 Nxe4 7. Bxc6 dxc6
8. Qxd8+ Kxd8 9. Nxe5 f6 10. Nf7+ Ke7 11. Nxh8 Be6 12. f3 Nd6 13. Re1 Rxh8 14.
Bf4 Rd8 15. Rad1 Nf5 16. Bxc7 Rxd1 17. Rxd1 Kf7 18. g4 Ne3 19. Rd2 Bd5 20. Kf2
Nc4 21. Rd4 Kg6 22. b3 Ne5 23. Bxe5 fxe5 24. Rd1 1-0

[Event "AUTO-INT-1320"]
[Site "http://www.queenalice.com/game.php?id=593103"]
[Date "2009.5.24"]
[Round "1"]
[White "Elegua"]
[Black "ingridcardoso"]
[Result "0-1"]
[WhiteElo "1633"]
[BlackElo "1558"]

1. e4 e5 2. Nf3 Nc6 3. d4 exd4 4. Nxd4 Nxd4 5. Qxd4 Be7 6. Qxg7 Bf6 7. Qg3 d6 8.
Be3 Be6 9. c3 Qd7 10. a4 O-O-O 11. Bd3 d5 12. e5 Be7 13. Bg5 f6 14. exf6 Bxf6
15. Bxf6 Nxf6 16. Nd2 d4 17. c4 Bf5 18. O-O Rhg8 19. Qf4 Bxd3 20. Qxf6 Bxf1 21.
Nxf1 d3 22. Nd2 Qh3 23. Qf3 Qxf3 24. Nxf3 d2 0-1

[Event "Challenge"]
[Site "http://www.queenalice.com/game.php?id=603400"]
[Date "2009.6.15"]
[Round "-"]
[White "ingridcardoso"]
[Black "knight401"]
[Result "1-0"]
[WhiteElo "1617"]
[BlackElo "1388"]

1. e4 e5 2. Nf3 Nc6 3. Bb5 Bd6 4. O-O Nce7 5. Nc3 Ng6 6. d4 h6 7. dxe5 Bxe5 8.
Bc4 Nf6 9. Re1 O-O 10. Nxe5 Nxe5 11. Nd5 Nxc4 12. b3 Ne5 13. Bf4 d6 14. c4 Ng6
15. Bg3 1-0

[Event "________"]
[Site "http://www.queenalice.com/game.php?id=625750"]
[Date "2009.7.28"]
[Round "-"]
[White "ingridcardoso"]
[Black "EliasOliveiraJr"]
[Result "0-1"]
[WhiteElo "1651"]
[BlackElo "1611"]

1. e4 c5 2. Nf3 d6 3. Bb5+ Bd7 4. Bxd7+ Nxd7 5. O-O Ngf6 6. d3 g6 7. Nc3 Bg7 8.
Bg5 O-O 9. Qd2 e6 10. Rfe1 Rb8 11. d4 Qb6 12. e5 dxe5 13. dxe5 Nd5 14. Nxd5 exd5
15. Qxd5 Qc7 16. e6 fxe6 17. Rxe6 Kh8 18. Nh4 Bxb2 19. Rae1 Bd4 20. Nxg6+ hxg6
21. Rxg6 Bxf2+ 22. Kh1 Bxe1 23. Rh6+ Kg7 24. Bf6+ Rxf6 25. Qg5+ Kf7 26. Qg7+
Kxg7 0-1

[Event "Challenge"]
[Site "http://www.queenalice.com/game.php?id=631348"]
[Date "2009.8.6"]
[Round "-"]
[White "ingridcardoso"]
[Black "Marcelo23Xadrez"]
[Result "0-1"]
[WhiteElo "1663"]
[BlackElo "1733"]

1. e4 c5 2. Nf3 Nc6 3. Bc4 d6 4. d3 Nf6 5. O-O e5 6. Nc3 Be7 7. h3 O-O 8. Nd5
Be6 9. Bg5 h6 10. Bh4 Nd4 11. Nxd4 cxd4 12. Nxe7+ Qxe7 13. Bxe6 Qxe6 14. Qf3 Nd7
15. c3 dxc3 16. bxc3 Rac8 17. d4 Nb6 18. d5 Qd7 19. Qg3 Rc4 20. Bf6 g6 21. f4
Rxe4 0-1

[Event "Challenge"]
[Site "http://www.queenalice.com/game.php?id=633182"]
[Date "2009.8.9"]
[Round "-"]
[White "ingridcardoso"]
[Black "Mars"]
[Result "1-0"]
[WhiteElo "1642"]
[BlackElo "1765"]

1. e4 e5 2. Nf3 d6 3. h3 Be6 4. d4 f6 5. Nc3 d5 6. dxe5 Bb4 7. Bb5+ c6 8. Ba4
Nd7 9. exd5 Bxd5 10. O-O Bxf3 11. Qxf3 Nxe5 12. Qe3 Ne7 13. a3 Bxc3 14. Qxc3 O-O
15. Bf4 N5g6 16. Rad1 Nd5 17. Qf3 Ngxf4 18. Bb3 Qc7 19. Rd4 Ng6 20. Qh5 Rae8 21.
Rfd1 Re5 22. Qg4 Rfe8 23. g3 Re2 24. R4d2 Rxd2 25. Rxd2 Ne5 26. Qf4 Kh8 27. Bxd5
cxd5 28. c3 Ng6 29. Qxc7 h6 30. Rxd5 Re7 31. Rd7 Re1+ 32. Kh2 Re2 33. Kg2 Rxb2
34. Rxg7 Nf8 35. Rg4 a5 36. Qg7# 1-0

[Event "Challenge"]
[Site "http://www.queenalice.com/game.php?id=637431"]
[Date "2009.8.15"]
[Round "-"]
[White "ingridcardoso"]
[Black "BobySponja"]
[Result "0-1"]
[WhiteElo "1663"]
[BlackElo "1776"]

1. e4 e5 2. Nf3 Nf6 3. Nc3 d5 4. d4 Bb4 5. Bd2 dxe4 6. Nxe5 Qxd4 7. Nc4 c5 8.
Be2 O-O 9. O-O b5 10. Nxb5 Qd8 11. Bxb4 Qxd1 12. Raxd1 Nc6 13. Bxc5 Re8 14. Nc7
Bf5 15. Nxa8 Rxa8 16. f3 Rc8 17. fxe4 Bxe4 18. Bg4 Nxg4 19. Nd6 Rb8 20. Nxf7 Nf6
21. b3 Kxf7 22. Rd7+ Kg8 23. Rd6 Rb5 24. Bxa7 Nxa7 25. Rd8+ Kf7 26. Rd4 Bxc2 27.
Ra4 Nc6 28. Rc1 Be4 29. Ra6 Ne5 30. Rc7+ Kg6 31. Re7 Bf5 32. Rea7 Bd3 33. Ra4
Rc5 34. Re7 Rc1+ 35. Kf2 Nfd7 36. Rd4 Rc2+ 37. Kg3 Rxa2 38. Re6+ Kf7 39. Red6
Bf1 40. Rf4+ Ke7 41. Rxd7+ Nxd7 42. Rxf1 Rb2 43. Re1+ Kf6 44. Re3 Nc5 45. b4
Rxb4 46. Rf3+ Kg6 47. Kh3 Ne6 48. Rg3+ Kf7 49. Rf3+ Rf4 50. Ra3 h5 51. g3 Re4
52. Rf3+ Kg6 53. Rf2 Ng5+ 54. Kg2 Re3 55. h4 Ne4 56. Rf3 Rxf3 57. Kxf3 Kf5 58.
Ke3 Nxg3 59. Kf3 Ne4 0-1

[Event "Challenge"]
[Site "http://www.queenalice.com/game.php?id=637432"]
[Date "2009.8.15"]
[Round "-"]
[White "ingridcardoso"]
[Black "Danado"]
[Result "1-0"]
[WhiteElo "1630"]
[BlackElo "1695"]

1. e4 Nc6 2. Nf3 e5 3. Bb5 Nf6 4. d3 h6 5. O-O a6 6. Bxc6 dxc6 7. Nxe5 Qe7 8.
Nf3 Bg4 9. h3 Bxf3 10. Qxf3 O-O-O 11. Nc3 Qe5 12. Bf4 Qh5 13. Qg3 Bd6 14. e5 Nd5
15. Nxd5 Bxe5 16. Ne7+ Kb8 17. Bxe5 Qxe5 18. Qxe5 1-0

[Event "Challenge"]
[Site "http://www.queenalice.com/game.php?id=639764"]
[Date "2009.8.21"]
[Round "-"]
[White "ingridcardoso"]
[Black "Tasjunior"]
[Result "0-1"]
[WhiteElo "1651"]
[BlackElo "1767"]

1. e4 e5 2. Nf3 Nc6 3. Bb5 Nge7 4. O-O d5 5. Bxc6+ bxc6 6. d3 Ba6 7. Nc3 d4 8.
Na4 Bb5 9. c3 dxc3 10. bxc3 Bxd3 11. Re1 Bb5 12. Qb3 Ng6 13. Be3 Bd6 14. Ng5 O-O
15. Rad1 Qe7 16. c4 Bxa4 17. Qxa4 h6 18. Nf3 Bb4 19. Re2 Rad8 20. Rb1 a5 21.
Qxc6 Rd7 22. Qb5 Rfd8 23. Qa4 Nh4 24. Nxh4 Qxh4 25. g3 Qxe4 26. c5 Qxb1+ 27. Kg2
Qe4+ 28. Kh3 Qf5+ 29. Kg2 e4 30. h3 Qf3+ 0-1

[Event "Challenge"]
[Site "http://www.queenalice.com/game.php?id=640844"]
[Date "2009.8.23"]
[Round "-"]
[White "ingridcardoso"]
[Black "saavik"]
[Result "0-1"]
[WhiteElo "1631"]
[BlackElo "1597"]

1. e4 e5 2. Nf3 Nc6 3. Bb5 a6 4. Bxc6 dxc6 5. O-O Bc5 6. d3 h6 7. Nc3 Nf6 8. h3
Be6 9. Nxe5 O-O 10. Qf3 Qd4 11. Be3 Qxe5 12. Bxc5 Qxc5 13. e5 Qxe5 14. Rfe1 Qg5
15. Ne4 Nxe4 16. Rxe4 Rae8 17. h4 Qf5 18. Qxf5 Bxf5 19. Rb4 b5 20. a4 a5 21. Rf4
Re5 22. Rd1 Rfe8 23. Kf1 g5 24. hxg5 hxg5 25. Rf3 Bg4 0-1

[Event "Challenge"]
[Site "http://www.queenalice.com/game.php?id=644259"]
[Date "2009.8.29"]
[Round "-"]
[White "ingridcardoso"]
[Black "Saintsalles"]
[Result "0-1"]
[WhiteElo "1614"]
[BlackElo "1875"]

1. e4 e5 2. Nf3 Nc6 3. Bb5 Qf6 4. O-O a6 5. Bxc6 bxc6 6. d3 h6 7. Be3 d5 8. exd5
Bg4 9. Nbd2 cxd5 10. c3 Bd6 11. Qa4+ Bd7 12. Qh4 Qg6 13. d4 e4 14. Ne5 Bxe5 15.
dxe5 Ne7 16. Qg3 Qxg3 17. fxg3 Bb5 18. Rf2 O-O 19. a4 Bc6 20. c4 Rad8 21. b4 d4
22. Bxd4 Rxd4 23. Nb3 Rxc4 24. b5 axb5 25. a5 e3 26. Re2 Rc3 27. Nd4 Be8 28. a6
Bc6 29. a7 Bb7 30. Nxb5 Rc5 31. Nd4 Rxe5 32. Rb2 Be4 33. Rba2 Nc6 34. a8=Q Nxd4
35. Qa3 Ree8 36. Qxe3 c5 37. Ra4 Bc6 38. Qa3 Nc2 39. Qxc5 Bxa4 40. Rxa4 Rc8 41.
Qf2 Rfe8 42. h3 Ne3 43. Ra1 Rc2 44. Qf3 Rc3 45. Ra8 Rc1+ 46. Kf2 Nd1+ 47. Qxd1
Rxd1 48. Rxe8+ Kh7 49. Re7 Kg6 0-1

[Event "Challenge"]
[Site "http://www.queenalice.com/game.php?id=647099"]
[Date "2009.9.4"]
[Round "-"]
[White "ingridcardoso"]
[Black "knight902"]
[Result "1-0"]
[WhiteElo "1640"]
[BlackElo "1297"]

1. e4 e5 2. Nf3 Nc6 3. Bb5 a6 4. Bxc6 dxc6 5. O-O Bd6 6. h3 c5 7. Nc3 c6 8. d3
Qc7 9. Bd2 Nf6 10. Qc1 Be6 11. Ng5 Bd7 12. f4 h6 13. fxe5 Bxe5 14. Nf3 1-0

[Event "Challenge"]
[Site "http://www.queenalice.com/game.php?id=650412"]
[Date "2009.9.11"]
[Round "-"]
[White "macielxadrez"]
[Black "ingridcardoso"]
[Result "1-0"]
[WhiteElo "1999"]
[BlackElo "1633"]

1. d4 d5 2. g3 Nf6 3. Bg2 Bf5 4. Nf3 e6 5. O-O Bd6 6. c3 O-O 7. Nbd2 Nc6 8. Re1
Re8 9. Nh4 Ne4 10. Nxf5 exf5 11. Qb3 Nf6 12. Qxb7 Qd7 13. Qb3 Rab8 14. Qc2 Ne4
15. Bh3 Ne7 16. Nxe4 dxe4 17. Qxe4 fxe4 18. Bxd7 Red8 19. Bh3 c5 20. e3 cxd4 21.
exd4 Bc7 22. Rxe4 Ng6 23. b3 a5 24. Bb2 a4 25. b4 Re8 26. Rae1 Rxe4 27. Rxe4 Nf8
28. a3 1-0

[Event "Challenge"]
[Site "http://www.queenalice.com/game.php?id=650413"]
[Date "2009.9.11"]
[Round "-"]
[White "ingridcardoso"]
[Black "macielxadrez"]
[Result "0-1"]
[WhiteElo "1635"]
[BlackElo "1997"]

1. e4 g6 2. Nf3 Bg7 3. d4 d6 4. h3 Nf6 5. Nc3 O-O 6. Bc4 Nxe4 7. Nxe4 d5 8. Bd3
dxe4 9. Bxe4 Nd7 10. O-O Nf6 11. Bd3 e6 12. Be3 b6 13. c4 Bb7 14. b4 Qe7 15. c5
Nd5 16. Bd2 Rab8 17. Rb1 c6 18. Qc1 Rfd8 19. Bh6 Qf8 20. Ne5 Bxh6 21. Qd1 Nc3
22. Qg4 Nxb1 23. Rxb1 Bg7 24. Bc2 Bxe5 25. dxe5 bxc5 26. b5 cxb5 27. h4 a6 28.
h5 Qg7 0-1

[Event "Challenge"]
[Site "http://www.queenalice.com/game.php?id=665859"]
[Date "2009.10.11"]
[Round "-"]
[White "ingridcardoso"]
[Black "FrankC"]
[Result "0-1"]
[WhiteElo "1638"]
[BlackElo "1966"]

1. e4 e5 2. Nf3 d6 3. h3 Nf6 4. Nc3 Nc6 5. Bb5 Bd7 6. O-O a6 7. Bc4 Na5 8. Bd5
c6 9. Bb3 Nxb3 10. axb3 b5 11. d4 exd4 12. Nxd4 c5 13. Nf5 Bxf5 14. exf5 h6 15.
Re1+ Be7 16. Bf4 O-O 17. Nd5 Re8 18. Nxe7+ Rxe7 19. Qxd6 Rxe1+ 0-1

[Event "Challenge"]
[Site "http://www.queenalice.com/game.php?id=667977"]
[Date "2009.10.16"]
[Round "-"]
[White "ingridcardoso"]
[Black "bumpywater"]
[Result "0-1"]
[WhiteElo "1652"]
[BlackElo "1656"]

1. e4 e5 2. Nf3 Nc6 3. Bc4 Nf6 4. d3 Bb4+ 5. Bd2 d6 6. h3 h6 7. O-O Bxd2 8. Qxd2
a6 9. Nc3 O-O 10. Nd5 Nxd5 11. Bxd5 Bd7 12. g4 Nd4 13. Nxd4 exd4 14. c3 Qh4 15.
Kh2 Bxg4 0-1

[Event "Challenge"]
[Site "http://www.queenalice.com/game.php?id=676273"]
[Date "2009.11.2"]
[Round "-"]
[White "MillaA"]
[Black "ingridcardoso"]
[Result "0-1"]
[WhiteElo "1034"]
[BlackElo "1636"]

1. d4 d5 2. Nc3 Nf6 3. f3 Nc6 4. Nxd5 Nxd5 5. e4 Nf6 6. Nh3 Bxh3 7. gxh3 Nxd4 8.
Qxd4 Qxd4 9. b3 Qxa1 10. Bg2 Qxc1+ 11. Ke2 Qxc2+ 12. Ke3 Qxg2 13. Re1 Qxh2 14.
Re2 Qxe2+ 15. Kxe2 e5 16. a4 O-O-O 17. Ke3 Bc5+ 0-1

[Event "Challenge"]
[Site "http://www.queenalice.com/game.php?id=683031"]
[Date "2009.11.14"]
[Round "-"]
[White "thedead"]
[Black "ingridcardoso"]
[Result "1-0"]
[WhiteElo "1549"]
[BlackElo "1608"]

1. e4 e5 2. Nf3 Nc6 3. d3 Bc5 4. Be2 Nf6 5. O-O O-O 6. Re1 d5 7. Nbd2 Bg4 8. h3
Bh5 9. c3 d4 10. Nf1 b5 11. a3 1-0